Canzoni d'altri tempi-Prima raccolta (Record n. 99896)
[ formato base ]
| 000 -LEADER | |
|---|---|
| fixed length control field | 02868njm a2200469Ia 4500 |
| 001 - CONTROL NUMBER | |
| control field | 24635 |
| 003 - CONTROL NUMBER IDENTIFIER | |
| control field | IT-RoPAU |
| 005 - DATE AND TIME OF LATEST TRANSACTION | |
| control field | 20220918181122.0 |
| 008 - FIXED-LENGTH DATA ELEMENTS--GENERAL INFORMATION | |
| fixed length control field | 131025s9999 xx 000 0 und d |
| 040 ## - CATALOGING SOURCE | |
| Original cataloging agency | IT-RoPAU |
| 040 ## - CATALOGING SOURCE | |
| Transcribing agency | IT-RoPAU |
| 041 ## - LANGUAGE CODE | |
| Language code of text/sound track or separate title | ITALIANO |
| 999 ## - SYSTEM CONTROL NUMBERS (KOHA) | |
| Koha Dewey Subclass [OBSOLETE] | n.d. |
| 100 ## - MAIN ENTRY--PERSONAL NAME | |
| Personal name | AA.VV. |
| 9 (RLIN) | 794 |
| 100 ## - MAIN ENTRY--PERSONAL NAME | |
| Relator term | Autore musica |
| 9 (RLIN) | 11123 |
| 100 ## - MAIN ENTRY--PERSONAL NAME | |
| Miscellaneous information | Codice autore musica SPICS: 12000 |
| 9 (RLIN) | 796 |
| 245 ## - TITLE STATEMENT | |
| Title | Canzoni d'altri tempi-Prima raccolta |
| 250 ## - EDITION STATEMENT | |
| Edition statement | 1a ed. |
| 260 ## - PUBLICATION, DISTRIBUTION, ETC. (IMPRINT) | |
| Place of publication, distribution, etc. | MILANO |
| 260 ## - PUBLICATION, DISTRIBUTION, ETC. (IMPRINT) | |
| Name of publisher, distributor, etc. | DURIUM RECORD |
| Date of publication, distribution, etc. | 1973 [1a Ed.:1973] |
| 300 ## - PHYSICAL DESCRIPTION | |
| Extent | DISCO |
| 500 ## - GENERAL NOTE | |
| General note | Canzoni italiane d'altri tempi Interpretate da Aurelio Fierro |
| 505 ## - FORMATTED CONTENTS NOTE | |
| Formatted contents note | Come pioveva - Le rose rosse - Come una coppa di champagne - Fili d'oro - Come le rose - Reginella - Signorinella - Cara piccina - Amor di pastorello - Addio signora - Pallida mimosa - Lucciole vagabonde |
| 650 ## - SUBJECT ADDED ENTRY--TOPICAL TERM | |
| Topical term or geographic name as entry element | CANZONE ITALIAN [DISCHI] |
| Relator term | Codice MATERIA SPICS: 9950 |
| 9 (RLIN) | 11124 |
| 700 ## - ADDED ENTRY--PERSONAL NAME | |
| Personal name | Fierro Aurelio |
| Miscellaneous information | Codice interprete SPICS: 9653 |
| Relator term | Interprete |
| 9 (RLIN) | 11125 |
| 700 ## - ADDED ENTRY--PERSONAL NAME | |
| Personal name | Gill Armando (=Testa Michele) |
| Miscellaneous information | Codice autore testo/musica SPICS: 13460 |
| Relator term | Autore testo/musica |
| Name of part/section of a work | Come pioveva |
| 9 (RLIN) | 11126 |
| 700 ## - ADDED ENTRY--PERSONAL NAME | |
| Personal name | Mario E.A. (Gaeta Giovanni) |
| Miscellaneous information | Codice autore testo/musica SPICS: 13440 |
| Relator term | Autore testo/musica |
| Name of part/section of a work | Le rose rosse |
| 9 (RLIN) | 11127 |
| 700 ## - ADDED ENTRY--PERSONAL NAME | |
| Personal name | Rampoldi Battista Giuseppe |
| Miscellaneous information | Codice autore musica SPICS: 13438 |
| Relator term | Autore musica |
| Name of part/section of a work | Come una coppa di champagne |
| 9 (RLIN) | 11128 |
| 700 ## - ADDED ENTRY--PERSONAL NAME | |
| Personal name | Borella Angelo Ramiro |
| Miscellaneous information | Codice autore testo/musica SPICS: 13439 |
| Relator term | Autore testo/musica |
| Name of part/section of a work | Come una coppa di champagne |
| 9 (RLIN) | 11129 |
| 700 ## - ADDED ENTRY--PERSONAL NAME | |
| Personal name | Buongiovanni Francesco |
| Miscellaneous information | Codice autore musica SPICS: 13465 |
| Relator term | Autore musica |
| Name of part/section of a work | Fili d'oro |
| 9 (RLIN) | 11130 |
| 700 ## - ADDED ENTRY--PERSONAL NAME | |
| Personal name | Capurro Giovanni |
| Miscellaneous information | Codice autore testo/musica SPICS: 13137 |
| Relator term | Autore testo/musica |
| Name of part/section of a work | Fili d'oro |
| 9 (RLIN) | 11131 |
| 700 ## - ADDED ENTRY--PERSONAL NAME | |
| Personal name | Lama Gaetano |
| Miscellaneous information | Codice autore musica SPICS: 13468 |
| Relator term | Autore musica |
| Name of part/section of a work | Come le - Reginella - Cara piccina - Pallida mimosa |
| 9 (RLIN) | 11132 |
| 700 ## - ADDED ENTRY--PERSONAL NAME | |
| Personal name | Genise A. |
| Miscellaneous information | Codice autore testo/musica SPICS: 13469 |
| Relator term | Autore testo/musica |
| Name of part/section of a work | Come le rose |
| 9 (RLIN) | 11133 |
| 700 ## - ADDED ENTRY--PERSONAL NAME | |
| Personal name | Bovio Libero |
| Miscellaneous information | Codice autore testo/musica SPICS: 13462 |
| Relator term | Autore testo/musica |
| Name of part/section of a work | Reginella - Signorinella - Cara piccina - Amor di pastorello - Pallida mimosa |
| 9 (RLIN) | 11134 |
| 700 ## - ADDED ENTRY--PERSONAL NAME | |
| Personal name | Valente Nicola |
| Miscellaneous information | Codice autore musica SPICS: 13463 |
| Relator term | Autore musica |
| Name of part/section of a work | Signorinella |
| 9 (RLIN) | 11135 |
| 700 ## - ADDED ENTRY--PERSONAL NAME | |
| Personal name | Nutile Emanuele |
| Miscellaneous information | Codice autore musica SPICS: 13525 |
| Relator term | Autore musica |
| Name of part/section of a work | Amor di pastorello |
| 9 (RLIN) | 11136 |
| 700 ## - ADDED ENTRY--PERSONAL NAME | |
| Personal name | Simi Gino |
| Miscellaneous information | Codice autore musica SPICS: 13456 |
| Relator term | Autore musica |
| Name of part/section of a work | Addio signora |
| 9 (RLIN) | 11137 |
| 700 ## - ADDED ENTRY--PERSONAL NAME | |
| Personal name | Neri Ennio |
| Miscellaneous information | Codice autore testo/musica SPICS: 13457 |
| Relator term | Autore testo/musica |
| Name of part/section of a work | Addio signora |
| 9 (RLIN) | 11138 |
| 700 ## - ADDED ENTRY--PERSONAL NAME | |
| Personal name | Bixio Cesare Andrea |
| Miscellaneous information | Codice autore musica SPICS: 13441 |
| Relator term | Autore musica |
| Name of part/section of a work | Lucciole vagabonde |
| 9 (RLIN) | 11139 |
| 700 ## - ADDED ENTRY--PERSONAL NAME | |
| Personal name | Cherubini Bixio |
| Miscellaneous information | Codice autore testo/musica SPICS: 13442 |
| Relator term | Autore testo/musica |
| Name of part/section of a work | Lucciole vagabonde |
| 9 (RLIN) | 11140 |
| 942 ## - ADDED ENTRY ELEMENTS (KOHA) | |
| Koha item type | DISCHI |
| Source of classification or shelving scheme | Dewey Decimal Classification |
| Withdrawn status | Lost status | Damaged status | Not for loan | Home library | Current library | Date acquired | Total Checkouts | Full call number | Date last seen | Price effective from | Koha item type | Public note |
|---|---|---|---|---|---|---|---|---|---|---|---|---|
| Buone Condizioni | Not For Loan | SPICS-MEDIATECA | SPICS-MEDIATECA | 25/10/2013 | 24635 | 25/10/2013 | 25/10/2013 | DISCHI | Progr. Ins.: 5330 / N.Vol.: 1 / Copie: 1 - Copia rara: n.d. / date import: 01.01.2014 - By Epidotti, Trombetti, Vaglietti |